La Revista Cultural Lotería en sus 70 años. 1941-2011 /

La función de la Revista Loteria en sus 70 años es propagar valores, ideas, culturas y un medio para democratizar la sociedad panameña y cimentar las bases de la cultura e intelectualidad nacional

Kaydedildi:
Detaylı Bibliyografya
Yazar: Escarreola Palacios, Rommel
Materyal Türü: Metin
Konular:
Etiketler: Etiketle
Etiket eklenmemiş, İlk siz ekleyin!

MARC

LEADER 00000 a a2200000 04500
001 47872
003
040
100 |a Escarreola Palacios, Rommel  
245 |a La Revista Cultural Lotería en sus 70 años.   |b 1941-2011 /  |c Rommel Escarreola Palacios  
520 |a La función de la Revista Loteria en sus 70 años es propagar valores, ideas, culturas y un medio para democratizar la sociedad panameña y cimentar las bases de la cultura e intelectualidad nacional  
650 |a CULTURA  
650 |2 Macrothesauros de la OCDE/  
650 |a PANAMEÑOS  
650 |2 Macrothesaurus de la OCDE/  
650 |a VALORES CULTURALES  
650 |2 Macrothesaurus de la OCDE/  
650 |a VALORES SOCIALES  
650 |2 Macrothesaurus de la OCDE/  
773 |a número497, (2011)  
999 |c 20829  |d 20829